| 000 | 01103cab a2200301 4500 | ||
|---|---|---|---|
| 001 | ABS58855 | ||
| 008 | 090401t1998 xxu||||| |||| 00| 0 eng d | ||
| 035 | _a(Sirsi) u87059 | ||
| 041 | _aeng | ||
| 100 | _aHoxley, M. | ||
| 245 | _aDomestic subsidence insurance claims - is there a role for the chartered building surveyor? | ||
| 260 | _c1998 | ||
| 350 | _a0 | ||
| 490 |
_aStructural Survey _v16(1) 1998, 7-14(8) |
||
| 520 | _aConsiders the hypotheses that building surveyors are discriminated against in favour of engineers in the appointment as `panel experts` in domestic subsidence claims cases and, that this is due to the training of each profession. Presents the findings of the research. References. | ||
| 650 | _aBUILDING SURVEYORS | ||
| 650 | _aINSURANCE CLAIMS | ||
| 650 | _aINSURANCE COMPANIES | ||
| 650 | _aPANEL EXPERTS | ||
| 650 | _aRESEARCH | ||
| 650 | _aSTRUCTURAL ENGINEERS | ||
| 650 | _aSUBSIDENCE | ||
| 650 | _aCAREERS, EDUCATION AND TRAINING | ||
| 690 | _aBUILT ENVIRONMENT-BUILDING INSPECTION | ||
| 700 | _aBussey, A. | ||
| 942 | _n0 | ||
| 948 | _c26/06/1998 | ||
| 999 |
_c54855 _d54855 |
||